000 00494nam a2200205Ia 4500
003 OSt
005 20250918101616.0
008 210210b2009 xxu||||| |||| 00| 0 eng d
020 _a9788171086375
040 _cAL
041 _aeng
082 _a158.1 MAUM
100 _aMaurus J
_9239281
245 _aMake the most of your potential
260 _aMumbai
_bBetter yourself books
_c2009
300 _a227p
690 _aApplied Psychology
_9239282
906 _a065626
942 _2ddc
_cBK
999 _c146448
_d146448